000 00377nam a2200157Ia 4500
003 LK-CoDNM
008 010623t1915 xxu||||| |||| 00| 1 sin d
040 _aLK-CoDNM
_dLK-CoDNM
_eLK-CoDNM
041 _asin
080 _a104 C 20
245 _aතුන්සරණ
246 _aThunsarana
260 _bSudarshana
_aMatara
_c1915
_c1917
300 _b86p, 18 cm
942 _cBK
999 _c88672
_d88672